Online Catalogue and eLibrary

Agapipimal (Record no. 4546)

MARC details
000 -LEADER
fixed length control field 00343nam a2200145Ia 4500
005 - DATE AND TIME OF LATEST TRANSACTION
control field 20250402065232.0
008 - FIXED-LENGTH DATA ELEMENTS--GENERAL INFORMATION
fixed length control field 240331s9999 xx 000 0 und d
082 ## - DDC Classification
Item Number - Author Mark RAH
Class No. 823
100 ## - MAIN ENTRY--PERSONAL NAME
Personal name Rahubaddhe,S
245 #0 - TITLE STATEMENT
Title Agapipimal
260 ## - PUBLICATION, DISTRIBUTION, ETC.
Place of publication, distribution, etc. Homagama
Name of publisher, distributor, etc. Sumithra Rahubaddhe
Date of publication, distribution, etc. 1998
300 ## - PHYSICAL DESCRIPTION
Extent (e.g. Volumes, Pages etc.) 236 p .,
500 ## - GENERAL NOTE
General note A Sinhala Novel
942 ## - Koha item type (Biblio)
Koha item type Books in Stacks (Lending)
Holdings
Lost status Damaged status Collection code Home library Current library Shelving location Date acquired Full call number Accession Number Item type
    Lending WERC Library WERC Library Social Science Cupboard 03/31/2024 823 RAH 2860 Books in Stacks (Lending)

© WERC Library